000 01397nam a2200265Ia 4500
999 _c54781
_d54781
001 21849
003 GE_BSU
005 20211115124211.0
008 181216s2017||||ge |||||||||||||| ||geo||
020 _a9789941462481
040 _cGE_BSU
041 _ageo
080 _a574.35(075.8) ლ-81
100 _aლომთათიძე,ნინო
_912914
245 _aეკოლოგიური ექსპერტიზა, აუდიტი, კონტროლი :
_b[სახელმძღვანელო] /
_cნინო ლომთათიძე, ნარგიზა ალასანია ; რედაქტორი ავთანდილ კორახაშვილი.
264 _aბათუმი :
_bბათუმის შოთა რუსთაველის სახელმწიფო უნივერსიტეტი,
_c2017.
300 _a290 გვ. ;
_bილ;
_c21 სმ.
504 _aბიბლ.გვ. 288-290
541 _h11ლ. 21თ.
653 _aეკოლოგია
653 _aეკოლოგიური ექსპერტიზა, აუდიტი, კონტროლი.
700 _aალასანია, ნარგიზ
_eავტორი
_91128
700 _aკორახაშვილი, ავთანდილ
_eრედაქტორი
_95875
942 _cBK
_2udc